书目信息 |
| 题名: |
畜禽废弃物资源化利用
|
|
| 作者: | 马敏 , 吴永胜 主编 | |
| 分册: | ||
| 出版信息: | 成都 四川科学技术出版社 2018.07 |
|
| 页数: | 141页 | |
| 开本: | 25cm | |
| 丛书名: | ||
| 单 册: | ||
| 中图分类: | X713 | |
| 科图分类: | ||
| 主题词: | 畜禽--xu qin--饲养场废物--资源利用 | |
| 电子资源: | ||
| ISBN: | 978-7-5364-9105-2 | |
| 000 | 00909nam0 2200253 450 | |
| 001 | 202019136328 | |
| 005 | 20191026133320.0 | |
| 010 | @a978-7-5364-9105-2@dCNY38.00 | |
| 100 | @a20191022d2018 em y0chiy50 ea | |
| 101 | 0 | @achi |
| 102 | @aCN@b510000 | |
| 105 | @aak a 000yy | |
| 106 | @ar | |
| 200 | 1 | @a畜禽废弃物资源化利用@Axu qin fei qi wu zi yuan hua li yong@f主编马敏, 吴永胜 |
| 210 | @a成都@c四川科学技术出版社@d2018.07 | |
| 215 | @a141页@c彩图@d25cm | |
| 320 | @a有书目 (第140-141页) | |
| 330 | @a本书集成了近年我国畜禽废弃物资源化利用的最新政策及技术, 从理论到实践阐述了猪、牛、羊、鸡、水禽、兔等畜禽废弃物的收集、处理、利用技术与模式, 供基层畜牧科技人员及养殖场参考借鉴。 | |
| 606 | 0 | @a畜禽@Axu qin@x饲养场废物@x资源利用 |
| 690 | @aX713@v5 | |
| 701 | 0 | @a马敏@Ama min@4主编 |
| 701 | 0 | @a吴永胜@Awu yong sheng@4主编 |
| 801 | 0 | @aCN@c20190905 |
| 905 | @a河南城建学院图书馆@dX713@eM106 | |
| 畜禽废弃物资源化利用/主编马敏, 吴永胜.-成都:四川科学技术出版社,2018.07 |
| 141页:彩图;25cm |
| ISBN 978-7-5364-9105-2:CNY38.00 |
| 本书集成了近年我国畜禽废弃物资源化利用的最新政策及技术, 从理论到实践阐述了猪、牛、羊、鸡、水禽、兔等畜禽废弃物的收集、处理、利用技术与模式, 供基层畜牧科技人员及养殖场参考借鉴。 |
| ● |
| 相关链接 |
|
|
|
正题名:畜禽废弃物资源化利用
索取号:X713/M106
 
预约/预借
| 序号 | 登录号 | 条形码 | 馆藏地/架位号 | 状态 | 备注 |
| 1 | 1445139 | 214451396 | 期刊室512/501自科库 108排2列2层/ [索取号:X713/M106] | 在馆 | |
| 2 | 1445140 | 214451403 | 自科库501/501自科库 108排2列2层/ [索取号:X713/M106] | 在馆 |